| 000 | 00367pam a2200157a 44500 | ||
|---|---|---|---|
| 008 | 230515b1989 xxu||||| |||| 00| 0 eng d | ||
| 020 | _aNULL | ||
| 041 | _aENGL | ||
| 082 | _a334 MAT | ||
| 100 | _a"MATHUR B.S.," | ||
| 245 | _aCO-OPERATION IN INDIA | ||
| 250 | _a4 | ||
| 260 |
_aAGRA _bSAHITYA BHAWAN _c1989 |
||
| 300 | _aXII+545 | ||
| 650 | _a"CO-OPERATION,INDIA" | ||
| 999 |
_c538610 _d538610 |
||